[Event "22nd Honor to National Resistance"]
[Site "Nikaia"]
[Date "2014.08.27"]
[Round "2.23"]
[White "Stratigopoulos, Sotirios"]
[Black "Tsomis, Dimitrios"]
[Result "0-1"]
[WhiteElo "1628"]
[BlackElo "1987"]
[PlyCount "42"]
[EventDate "2014.08.26"]

1. d4 Nf6 2. c4 e5 3. dxe5 Ng4 4. Bf4 Nc6 5. Nf3 Bb4+ 6. Nc3 Qe7 7. Qd5 f6 8.
exf6 Nxf6 9. Qd3 Ne4 10. Nd4 O-O 11. Bg3 d6 12. O-O-O Bxc3 13. bxc3 Rxf2 14.
Nf3 Nxg3 15. hxg3 h6 16. Rh4 Bd7 17. Re4 Qf6 18. Kd2 Qg6 19. Qd5+ Kh7 20. Rh4
Qxg3 21. Rh5 Qg6 0-1

[Event "22nd Honor to National Resistance"]
[Site "Nikaia"]
[Date "2014.08.27"]
[Round "2.24"]
[White "Kokkota, Eleni"]
[Black "Vazelakis, Dimitrios"]
[Result "0-1"]
[WhiteElo "1567"]
[BlackElo "1985"]
[PlyCount "76"]
[EventDate "2014.08.26"]

1. d4 g6 2. e4 Bg7 3. Nc3 d6 4. Nf3 a6 5. Bd3 Nd7 6. O-O b5 7. Ne2 Bb7 8. c3 e5
9. dxe5 dxe5 10. Be3 Ngf6 11. Bg5 O-O 12. Bc2 Qe7 13. Qd2 h6 14. Bxh6 Nxe4 15.
Qe3 Ndf6 16. Bxg7 Kxg7 17. Nxe5 Qxe5 18. Ng3 Qc5 19. Bxe4 Qxe3 20. fxe3 Nxe4
21. Nxe4 Bxe4 22. Rf4 f5 23. Rd1 Rad8 24. Rff1 Kf7 25. Rd4 Ke7 26. Rfd1 c5 27.
Rxd8 Rxd8 28. Rxd8 Kxd8 29. Kf2 Kc7 30. h3 Kd6 31. g4 fxg4 32. hxg4 Kd5 33. Kg3
Bb1 34. a3 Ke4 35. Kf2 g5 36. Ke2 Ba2 37. b4 cxb4 38. cxb4 Be6 0-1

[Event "22nd Honor to National Resistance"]
[Site "Nikaia"]
[Date "2014.08.27"]
[Round "2.25"]
[White "Nikolaidis, Marios-Andreas"]
[Black "Ntelis, Polizois"]
[Result "0-1"]
[WhiteElo "1985"]
[BlackElo "1523"]
[PlyCount "66"]
[EventDate "2014.08.26"]

1. e4 e5 2. Nf3 Nc6 3. Bb5 a6 4. Ba4 Nf6 5. O-O Be7 6. Re1 b5 7. Bb3 O-O 8. h3
d5 9. exd5 Nxd5 10. Nxe5 Nxe5 11. Rxe5 Bb7 12. d3 Qd7 13. Qg4 Rad8 14. Qxd7
Rxd7 15. Bd2 Bf6 16. f4 Bxe5 17. fxe5 c5 18. c4 Nb4 19. cxb5 axb5 20. Be3 Nxd3
21. e6 Rc7 22. Na3 Ba6 23. exf7+ Kh8 24. Bd5 c4 25. Nc2 Bb7 26. Be6 Bc8 27. Nd4
Re7 28. Bxc8 Rxc8 29. Bg5 Rxf7 30. Nxb5 Rc5 31. Nd6 Rd7 32. Rf1 Kg8 33. Ne4 Re5
0-1

[Event "22nd Honor to National Resistance"]
[Site "Nikaia"]
[Date "2014.08.27"]
[Round "2.26"]
[White "Kolytas, Spiridon"]
[Black "Kouskoutis, Georgios-Alexandros"]
[Result "1-0"]
[WhiteElo "1540"]
[BlackElo "1981"]
[PlyCount "101"]
[EventDate "2014.08.26"]

1. d4 Nf6 2. c4 e6 3. g3 c5 4. Nf3 cxd4 5. Nxd4 Nc6 6. Nxc6 bxc6 7. Bg2 Bc5 8.
O-O O-O 9. Nc3 h6 10. Na4 Be7 11. c5 Ba6 12. Bd2 Rb8 13. a3 Nd5 14. Re1 f5 15.
b4 Bf6 16. Rc1 g5 17. Nc3 Qe7 18. Nxd5 exd5 19. Bc3 f4 20. g4 Rbe8 21. Bf3 Bxc3
22. Rxc3 Qg7 23. Rc1 Re6 24. a4 Bc4 25. Qc2 Rfe8 26. Rcd1 Qe7 27. Rd2 a5 28.
Qb1 Rb8 29. Rb2 axb4 30. Rxb4 Rf8 31. Rb8 Qxc5 32. Rxf8+ Qxf8 33. a5 Qa8 34.
Qb6 Re8 35. Qc7 Qc8 36. Qd6 Re6 37. Qc5 d6 38. Qb4 Qd7 39. Ra1 Re8 40. a6 Qg7
41. Ra3 Qc7 42. Qb7 Qc8 43. Qb1 Kg7 44. a7 Qa8 45. h4 gxh4 46. g5 hxg5 47. Bh5
Rd8 48. Qg6+ Kh8 49. Qh6+ Kg8 50. Qxg5+ Kh8 51. Bf7 1-0

[Event "22nd Honor to National Resistance"]
[Site "Nikaia"]
[Date "2014.08.27"]
[Round "2.27"]
[White "Kasioumis, Vasilios"]
[Black "Grigoriadis, Mihail"]
[Result "0-1"]
[WhiteElo "1524"]
[BlackElo "1981"]
[PlyCount "72"]
[EventDate "2014.08.26"]

1. e4 c5 2. Nc3 g6 3. Nf3 Bg7 4. d4 cxd4 5. Nxd4 Nc6 6. Be3 Nf6 7. Nxc6 bxc6 8.
e5 Ng8 9. f4 Nh6 10. Bc4 O-O 11. O-O d6 12. exd6 exd6 13. Bd4 Nf5 14. Bxg7 Kxg7
15. Qd3 Qb6+ 16. Kh1 d5 17. Bb3 Ba6 18. Qh3 Bxf1 19. Rxf1 Rae8 20. Qd3 Ne3 21.
Rc1 Ng4 22. Qf1 Nf2+ 23. Kg1 Nd3+ 24. Kh1 Nxc1 25. Qxc1 Qf2 26. h3 Re1+ 27.
Qxe1 Qxe1+ 28. Kh2 Qf2 29. Nd1 Qxf4+ 30. g3 Qd2+ 31. Kg1 Qxd1+ 32. Kg2 Qd2+ 33.
Kf3 Re8 34. h4 Qe2+ 35. Kf4 Qe4+ 36. Kg5 h6# 0-1

[Event "22nd Honor to National Resistance"]
[Site "Nikaia"]
[Date "2014.08.27"]
[Round "2.29"]
[White "Thomassin, Alexandre"]
[Black "Kourkoulos-Arditis, Stamatis"]
[Result "0-1"]
[WhiteElo "1812"]
[BlackElo "2296"]
[PlyCount "64"]
[EventDate "2014.08.26"]

1. e4 c5 2. Bc4 Nc6 3. Nf3 g6 4. O-O Bg7 5. Nc3 d6 6. h3 Nf6 7. a4 O-O 8. d3 b6
9. Be3 Bb7 10. Nh2 e6 11. Bg5 h6 12. Bxf6 Bxf6 13. f4 Ne7 14. Qg4 d5 15. Ba2
Bxc3 16. bxc3 dxe4 17. f5 exf5 18. Rxf5 Bc8 19. Raf1 Bxf5 20. Rxf5 Nxf5 21.
Qxg6+ Kh8 22. Qxf5 Qg5 23. Qxg5 hxg5 24. dxe4 Rae8 25. Nf3 Rxe4 26. Nxg5 Rxa4
27. Bb3 b5 28. Bd5 Rf4 29. g4 a5 30. Kg2 a4 31. Ba2 Rc4 32. Bxc4 bxc4 0-1

[Event "22nd Honor to National Resistance"]
[Site "Nikaia"]
[Date "2014.08.27"]
[Round "2.30"]
[White "Kosmidis, Konstantinos"]
[Black "Koutoukidis, Panagiotis"]
[Result "0-1"]
[WhiteElo "1776"]
[BlackElo "2190"]
[PlyCount "64"]
[EventDate "2014.08.26"]

1. e4 c5 2. Nc3 a6 3. g3 b5 4. Bg2 b4 5. Nd5 e6 6. Ne3 Bb7 7. Ne2 Nf6 8. d3 h5
9. h3 d5 10. exd5 Nxd5 11. O-O Nxe3 12. Bxe3 Bxg2 13. Kxg2 Qd5+ 14. Kg1 Bd6 15.
c4 Qf5 16. h4 e5 17. f4 O-O 18. fxe5 Qxe5 19. Bf4 Qe6 20. Qd2 Nc6 21. Rae1 Bxf4
22. Nxf4 Qg4 23. Qg2 Nd4 24. Re4 f5 25. Re7 Rae8 26. Nd5 Rxe7 27. Nxe7+ Kh7 28.
Kh2 f4 29. Qe4+ g6 30. Rxf4 Rxf4 31. Qxf4 Qe2+ 32. Kh3 Qxe7 0-1

[Event "22nd Honor to National Resistance"]
[Site "Nikaia"]
[Date "2014.08.28"]
[Round "3.1"]
[White "Tsomis, Dimitrios"]
[Black "Kotronias, Vasilios"]
[Result "0-1"]
[WhiteElo "1987"]
[BlackElo "2552"]
[PlyCount "84"]
[EventDate "2014.08.26"]

1. Nf3 Nf6 2. g3 g6 3. Bg2 Bg7 4. O-O O-O 5. d3 d5 6. Nbd2 Nc6 7. a3 a5 8. c4
d4 9. Rb1 a4 10. b4 axb3 11. Nxb3 Nd7 12. Qc2 e5 13. e3 dxe3 14. fxe3 e4 15.
dxe4 Qe7 16. Nfd4 Nce5 17. c5 c6 18. h3 h5 19. Kh2 Re8 20. Nf3 Nxf3+ 21. Bxf3
Ne5 22. Bg2 Ra7 23. Bb2 Be6 24. Nd2 h4 25. gxh4 Qxh4 26. Nf3 Qh5 27. Bxe5 Bxe5+
28. Nxe5 Qxe5+ 29. Kg1 Rxa3 30. Rb2 Rxe3 31. Qf2 Qxc5 32. Rxb7 Rc3 33. Qxc5
Rxc5 34. Rc7 Rd8 35. Rf2 Rc3 36. Rf3 Rc1+ 37. Kh2 Rd2 38. Rg3 c5 39. h4 Kh7 40.
h5 gxh5 41. Rg5 h4 42. Rh5+ Kg6 0-1

[Event "22nd Honor to National Resistance"]
[Site "Nikaia"]
[Date "2014.08.28"]
[Round "3.2"]
[White "Kapnisis, Spyridon"]
[Black "Korlotsidis, Spiridon"]
[Result "1-0"]
[WhiteElo "2458"]
[BlackElo "2048"]
[PlyCount "85"]
[EventDate "2014.08.26"]

1. d4 g6 2. c4 Bg7 3. e4 d6 4. Nf3 Nf6 5. Nc3 O-O 6. h3 c6 7. Bg5 h6 8. Be3
Nbd7 9. Qd2 Kh7 10. e5 Ne8 11. h4 dxe5 12. dxe5 Qa5 13. e6 Ne5 14. Nxe5 Qxe5
15. exf7 Rxf7 16. Bd3 Bf5 17. h5 g5 18. O-O-O Nd6 19. Rhe1 Bxd3 20. Qxd3+ Qf5
21. Qxf5+ Nxf5 22. Ne4 b5 23. c5 Kg8 24. Rd7 Be5 25. Red1 a5 26. Kc2 a4 27. Rb7
Rc8 28. Ra7 Ng7 29. Rdd7 Kf8 30. Nd6 Bxd6 31. cxd6 Nf5 32. dxe7+ Nxe7 33. Bc5
Re8 34. f3 Rg7 35. Kd3 Rf7 36. Ke3 Rg7 37. g3 Rf7 38. f4 Rg7 39. fxg5 Rxg5 40.
Bxe7+ Kf7 41. Kf4 Rxh5 42. Bb4+ Ke6 43. Rd6# 1-0

[Event "22nd Honor to National Resistance"]
[Site "Nikaia"]
[Date "2014.08.28"]
[Round "3.3"]
[White "Vazelakis, Dimitrios"]
[Black "Goumas, Georgios"]
[Result "0-1"]
[WhiteElo "1985"]
[BlackElo "2371"]
[PlyCount "80"]
[EventDate "2014.08.26"]

1. b3 e5 2. Bb2 d6 3. c4 f5 4. Nc3 Nf6 5. e3 Be7 6. Nge2 O-O 7. g3 Na6 8. Bg2
c6 9. d4 e4 10. O-O d5 11. a3 Nc7 12. cxd5 cxd5 13. b4 Be6 14. f3 Nce8 15. fxe4
fxe4 16. Nf4 Bf7 17. Bh3 Nc7 18. b5 g5 19. Nfe2 g4 20. Bg2 Ne6 21. Rf5 h6 22.
Nf4 Nxf4 23. Rxf4 Be6 24. Qb3 Qd7 25. Ne2 Rfc8 26. Rff1 Nh7 27. Nf4 Ng5 28. a4
Nf3+ 29. Bxf3 gxf3 30. Ba3 Bg5 31. Kf2 Bf7 32. Ke1 Rc4 33. Rc1 Rac8 34. Rxc4
Rxc4 35. Rf2 Bxf4 36. gxf4 Qg4 37. Kf1 Be6 38. b6 a6 39. Ra2 Qg6 40. Qb2 Bh3+
0-1

[Event "22nd Honor to National Resistance"]
[Site "Nikaia"]
[Date "2014.08.28"]
[Round "3.4"]
[White "Sirigos, Nikolaos"]
[Black "Kondopoulos, Dimitrios"]
[Result "1/2-1/2"]
[WhiteElo "2256"]
[BlackElo "2039"]
[PlyCount "93"]
[EventDate "2014.08.26"]

1. e4 c5 2. Nf3 e6 3. g3 Nc6 4. Bg2 Nf6 5. Qe2 d6 6. O-O Be7 7. c3 e5 8. Na3 h6
9. Nc2 Bg4 10. Ne3 Be6 11. Nf5 O-O 12. d3 Qd7 13. N3h4 d5 14. Nxe7+ Qxe7 15.
exd5 Nxd5 16. c4 Ndb4 17. Be3 Rad8 18. Be4 Nd4 19. Bxd4 exd4 20. f4 Rfe8 21. a3
Nc6 22. Rae1 Bh3 23. Ng2 Bf5 24. Qh5 Bxe4 25. Rxe4 Qd6 26. Rfe1 Rxe4 27. Rxe4
a6 28. Nh4 b5 29. b3 bxc4 30. bxc4 Rb8 31. Qe2 Kh7 32. Re8 Rxe8 33. Qxe8 Qe6
34. Qxe6 fxe6 35. Nf3 Kg6 36. Nd2 e5 37. Ne4 exf4 38. gxf4 Kf5 39. Nxc5 Kxf4
40. Nxa6 Ke3 41. Nc5 Ne5 42. Kf1 g5 43. a4 Nc6 44. Kg2 h5 45. Kg3 Na5 46. Kg2
Nc6 47. Kg3 1/2-1/2

[Event "22nd Honor to National Resistance"]
[Site "Nikaia"]
[Date "2014.08.28"]
[Round "3.5"]
[White "Alexakis, Dimitrios"]
[Black "Alexiadis, Hristos"]
[Result "1-0"]
[WhiteElo "2221"]
[BlackElo "2020"]
[PlyCount "97"]
[EventDate "2014.08.26"]

1. e4 c5 2. Nf3 d6 3. d4 Nf6 4. Nc3 cxd4 5. Nxd4 a6 6. Bg5 e6 7. f4 Qb6 8. Qd2
Nc6 9. Nb3 Ng4 10. h3 Qe3+ 11. Qxe3 Nxe3 12. Kd2 Nxf1+ 13. Rhxf1 h6 14. Bh4 g5
15. fxg5 Be7 16. Rad1 Ne5 17. Kc1 Bd7 18. Kb1 Rc8 19. Bg3 hxg5 20. Rd4 Rh6 21.
Na5 Rc7 22. Bxe5 dxe5 23. Rc4 Rxc4 24. Nxc4 f6 25. Rd1 Bb4 26. a3 Bxc3 27. bxc3
Bc6 28. Nd6+ Ke7 29. Nc8+ Ke8 30. Nd6+ Ke7 31. Nc8+ Kf7 32. c4 Rh8 33. Nd6+ Ke7
34. c5 Rd8 35. Kc1 b6 36. Re1 bxc5 37. Nc4 Rd4 38. Nd2 c4 39. Re3 Kd6 40. c3
Rd3 41. Nxc4+ Kc5 42. Rxd3 Kxc4 43. Re3 Kc5 44. g3 Kd6 45. h4 gxh4 46. gxh4 f5
47. h5 Be8 48. h6 Bg6 49. Rg3 1-0

[Event "22nd Honor to National Resistance"]
[Site "Nikaia"]
[Date "2014.08.28"]
[Round "3.6"]
[White "Grigoriadis, Mihail"]
[Black "Karagiannis, Athanasios"]
[Result "0-1"]
[WhiteElo "1981"]
[BlackElo "2214"]
[PlyCount "48"]
[EventDate "2014.08.26"]

1. e4 e6 2. d4 d5 3. Nc3 Bb4 4. a3 Bxc3+ 5. bxc3 dxe4 6. Qg4 Nf6 7. Qxg7 Rg8 8.
Qh6 Rg6 9. Qh4 c5 10. Ne2 Nc6 11. dxc5 Rg4 12. Qh6 Rg6 13. Qe3 Qa5 14. Bd2 e5
15. c4 Qc7 16. Nc3 Nd4 17. Nb5 Nxc2+ 18. Ke2 Qc6 19. Qc3 Bg4+ 20. f3 exf3+ 21.
gxf3 Nd4+ 22. Nxd4 exd4 23. Qd3 O-O-O 24. Kf2 Bxf3 0-1

[Event "22nd Honor to National Resistance"]
[Site "Nikaia"]
[Date "2014.08.28"]
[Round "3.7"]
[White "Ornithopoulos, Nikolaos"]
[Black "Markantonaki, Haritomeni"]
[Result "0-1"]
[WhiteElo "1960"]
[BlackElo "2180"]
[PlyCount "78"]
[EventDate "2014.08.26"]

1. e4 c5 2. Nf3 e6 3. d4 cxd4 4. Nxd4 Nc6 5. c4 Nf6 6. Nxc6 bxc6 7. e5 Qa5+ 8.
Nc3 Qxe5+ 9. Be2 Bb4 10. Bd2 O-O 11. O-O Qc7 12. Bd3 Be7 13. Rb1 e5 14. f4 Bd6
15. g4 Qb6+ 16. Kg2 c5 17. g5 Bb7+ 18. Kg1 Qc6 19. Nd5 Nxd5 20. Be4 Qb6 21.
cxd5 c4+ 22. Kg2 Qd4 23. Bf3 exf4 24. Bc3 Qxd1 25. Rbxd1 Rfe8 26. Rfe1 Bc5 27.
Re4 Rxe4 28. Bxe4 Re8 29. Kf3 Bd6 30. Bd4 a5 31. Rc1 Ba6 32. a3 Rb8 33. Bf5 Rb5
34. Re1 Rxd5 35. Re8+ Bf8 36. Ke4 Bb7 37. Bxh7+ Kxh7 38. Rxf8 Kg6 39. Be5 f3
0-1

[Event "22nd Honor to National Resistance"]
[Site "Nikaia"]
[Date "2014.08.28"]
[Round "3.8"]
[White "Liodakis, Konstantinos-Spyros"]
[Black "Gkikas, Hristos"]
[Result "0-1"]
[WhiteElo "2170"]
[BlackElo "1907"]
[PlyCount "82"]
[EventDate "2014.08.26"]

1. c4 Nf6 2. Nc3 c5 3. g3 g6 4. Bg2 Bg7 5. e3 e6 6. Nge2 O-O 7. O-O Nc6 8. Rb1
d5 9. cxd5 exd5 10. d4 Bf5 11. Ra1 cxd4 12. Nxd4 Nxd4 13. Qxd4 Ne4 14. Qb4 Nxc3
15. bxc3 Qc7 16. Bb2 Rfd8 17. Rfd1 Qc4 18. Rd2 a5 19. Qxc4 dxc4 20. Rad1 Rxd2
21. Rxd2 Rb8 22. e4 Be6 23. f4 b5 24. e5 b4 25. Rd6 Bf8 26. Rd2 Bc5+ 27. Kf1
bxc3 28. Bxc3 Bb4 29. Rb2 Bf5 30. Bf3 Rc8 31. Rxb4 axb4 32. Bxb4 c3 33. Ba3 c2
34. Bc1 Rd8 35. Ke1 h5 36. a4 Bg4 37. Bxg4 hxg4 38. Bd2 Rd4 39. a5 Re4+ 40. Kf2
Ra4 41. Ke2 Ra1 0-1

[Event "22nd Honor to National Resistance"]
[Site "Nikaia"]
[Date "2014.08.28"]
[Round "3.9"]
[White "Sidiropoulos, Nikolaos"]
[Black "Siamidis, Dimitrios"]
[Result "1-0"]
[WhiteElo "1923"]
[BlackElo "2065"]
[PlyCount "143"]
[EventDate "2014.08.26"]

1. e4 b6 2. d4 Bb7 3. Bd3 Nf6 4. Nc3 e6 5. Nf3 Bb4 6. Qe2 d5 7. exd5 Nxd5 8.
Bd2 Bxc3 9. bxc3 Nf6 10. O-O O-O 11. Bg5 h6 12. Bh4 Nbd7 13. Rad1 Qc8 14. Bxf6
Bxf3 15. Qxf3 Nxf6 16. c4 c6 17. Be4 Nxe4 18. Qxe4 Qa6 19. Qd3 Rfd8 20. c3 Rd7
21. Rd2 Rad8 22. Rfd1 Qa4 23. h3 Qa5 24. Qf3 Rd6 25. Qe3 Qa4 26. Qe2 Qa5 27.
Qe3 Qf5 28. f4 Qa5 29. g4 Qa4 30. Qe2 Qa6 31. Kf2 Qb7 32. Qe4 Qe7 33. Kg3 Qc7
34. Kg2 b5 35. c5 Rd5 36. Qe3 Re8 37. Rf1 Qe7 38. Re2 Qd7 39. a3 Rd8 40. Qe4 a5
41. f5 b4 42. fxe6 fxe6 43. axb4 axb4 44. cxb4 Rxd4 45. Qxe6+ Qxe6 46. Rxe6
Rxb4 47. Rxc6 Rc4 48. Rc7 Rd5 49. Rff7 Rg5 50. Rf5 Rxf5 51. gxf5 Rf4 52. c6
Rxf5 53. Rd7 Rc5 54. c7 Kh7 55. Kf3 Kg6 56. Ke4 Kf6 57. Kd4 Rc1 58. Kd5 Rd1+
59. Kc6 Rc1+ 60. Kb7 Rb1+ 61. Kc8 Rc1 62. Kd8 g5 63. c8=Q Rxc8+ 64. Kxc8 Kf5
65. Rh7 Kg6 66. Rh8 h5 67. Kd7 g4 68. hxg4 hxg4 69. Ke6 Kg5 70. Ke5 g3 71. Rg8+
Kh4 72. Kf4 1-0

[Event "22nd Honor to National Resistance"]
[Site "Nikaia"]
[Date "2014.08.28"]
[Round "3.10"]
[White "Ioannidis, Evgenios"]
[Black "Kolytas, Spiridon"]
[Result "1-0"]
[WhiteElo "2064"]
[BlackElo "1540"]
[PlyCount "55"]
[EventDate "2014.08.26"]

1. d4 Nf6 2. c4 c5 3. d5 b5 4. cxb5 a6 5. bxa6 g6 6. Nc3 Bxa6 7. g3 d6 8. Bg2
Bg7 9. Nf3 O-O 10. O-O Nbd7 11. Qc2 Qc7 12. Rb1 Nb6 13. Nd2 Rfb8 14. Rd1 Nfd7
15. b3 Ne5 16. a4 Nc8 17. Bh3 h5 18. Nf1 Rb7 19. f4 Ng4 20. Bg2 Rab8 21. h3 Nf6
22. f5 Kh7 23. fxg6+ fxg6 24. Ne4 c4 25. Ng5+ Kg8 26. Ne6 Qd7 27. Qxg6 Ne8 28.
Be4 1-0

[Event "22nd Honor to National Resistance"]
[Site "Nikaia"]
[Date "2014.08.28"]
[Round "3.11"]
[White "Ntelis, Polizois"]
[Black "Tsolakidou, Stavroula"]
[Result "0-1"]
[WhiteElo "1523"]
[BlackElo "2240"]
[PlyCount "64"]
[EventDate "2014.08.26"]

1. e4 c5 2. Nf3 d6 3. d4 cxd4 4. Qxd4 a6 5. c4 Nc6 6. Qd3 g6 7. Bd2 Bg7 8. Bc3
Bxc3+ 9. Nxc3 Bg4 10. a3 Nf6 11. Be2 Bxf3 12. Bxf3 Nd7 13. Nd5 Nce5 14. Qc3 Rc8
15. Be2 O-O 16. f4 Nxc4 17. Bxc4 b5 18. b3 bxc4 19. bxc4 e6 20. Ne3 Nc5 21. e5
dxe5 22. Rd1 Qh4+ 23. g3 Ne4 24. Qc2 Nxg3 25. Qf2 exf4 26. Ng2 Qh5 27. Nxf4
Qe5+ 28. Ne2 Qa5+ 29. Rd2 Nxh1 30. Qg2 Rfd8 31. Nf4 Qxd2+ 32. Qxd2 Rxd2 0-1

[Event "22nd Honor to National Resistance"]
[Site "Nikaia"]
[Date "2014.08.28"]
[Round "3.12"]
[White "Kourkoulos-Arditis, Stamatis"]
[Black "Tsaknakis, Zisis"]
[Result "1-0"]
[WhiteElo "2296"]
[BlackElo "1899"]
[PlyCount "97"]
[EventDate "2014.08.26"]

1. e4 c5 2. Nf3 d6 3. d4 cxd4 4. Nxd4 Nf6 5. Nc3 a6 6. Be3 e5 7. Nb3 Be6 8. Be2
Be7 9. O-O O-O 10. Nd5 Nxd5 11. exd5 Bf5 12. Qd2 Nd7 13. Na5 Qc7 14. c4 Rfe8
15. b4 Nf6 16. f3 h6 17. Rac1 Bg6 18. c5 dxc5 19. Bxc5 Bxc5+ 20. Rxc5 Qd7 21.
Nc4 Rad8 22. Rd1 b6 23. Nxb6 Qa7 24. Nc4 Rxd5 25. Qe3 Rxd1+ 26. Bxd1 Rd8 27.
Bb3 Nd7 28. Rxe5 Qb8 29. Rd5 Re8 30. Qd2 Nf6 31. Rd6 Qa7+ 32. Nb6 Kh7 33. h4
Nd7 34. Rxd7 Qxb6+ 35. Qd4 Rb8 36. Qxb6 Rxb6 37. Rd4 Kg8 38. a4 Kf8 39. a5 Rc6
40. Rc4 Rd6 41. Rc7 Ke8 42. Rb7 Bd3 43. Bxf7+ Kd8 44. Bb3 g6 45. Kf2 Kc8 46.
Re7 Kd8 47. Re6 Rd4 48. Ke3 Rd6 49. Rxd6+ 1-0

[Event "22nd Honor to National Resistance"]
[Site "Nikaia"]
[Date "2014.08.28"]
[Round "3.13"]
[White "Koutoukidis, Panagiotis"]
[Black "Nikoleris, Evangelos"]
[Result "1-0"]
[WhiteElo "2190"]
[BlackElo "1887"]
[PlyCount "49"]
[EventDate "2014.08.26"]

1. e4 e6 2. d4 d5 3. Nc3 Bb4 4. e5 c5 5. a3 Bxc3+ 6. bxc3 Ne7 7. Qg4 Kf8 8. Bd2
Qa5 9. a4 Nbc6 10. Nf3 Qc7 11. Bd3 h6 12. O-O Bd7 13. dxc5 Nxe5 14. Nxe5 Qxe5
15. Bf4 Qxc3 16. Bd6 Ke8 17. Rab1 Bc6 18. Rfe1 Qf6 19. Bb5 Nf5 20. Bxc6+ bxc6
21. Qf4 Qd4 22. Qxf5 Qf6 23. Qd3 Qd8 24. Rxe6+ fxe6 25. Qg6+ 1-0

[Event "22nd Honor to National Resistance"]
[Site "Nikaia"]
[Date "2014.08.28"]
[Round "3.14"]
[White "Kalodoukas, Odysseas"]
[Black "Kouvatsos, Filippos"]
[Result "0-1"]
[WhiteElo "1918"]
[BlackElo "2157"]
[PlyCount "70"]
[EventDate "2014.08.26"]

1. d4 d5 2. c4 c6 3. Nf3 Nf6 4. Nc3 a6 5. e3 g6 6. Bd3 Bg7 7. O-O O-O 8. b3
Nbd7 9. Bb2 dxc4 10. bxc4 Re8 11. Qc2 e5 12. Rad1 Qe7 13. Nd2 exd4 14. exd4 Nf8
15. h3 Be6 16. Rfe1 Rad8 17. Nb3 Qc7 18. Ne4 Nh5 19. c5 Bd5 20. Nd6 Rxe1+ 21.
Rxe1 Nf4 22. f3 N8e6 23. Bc4 Bxc4 24. Qxc4 Qe7 25. Qc2 Qg5 26. Kh2 Nh5 27. Re4
Qg3+ 28. Kh1 Nf6 29. Re2 Nf4 30. Rf2 Rd7 31. Ne4 Nxe4 32. fxe4 Nd3 33. Re2 Bh6
34. d5 Bf4 35. Kg1 Qh2+ 0-1

[Event "22nd Honor to National Resistance"]
[Site "Nikaia"]
[Date "2014.08.28"]
[Round "3.15"]
[White "Tzounakas, Vasilios"]
[Black "Panagiotakos, Nikolaos"]
[Result "0-1"]
[WhiteElo "1878"]
[BlackElo "2146"]
[PlyCount "172"]
[EventDate "2014.08.26"]

1. e4 c5 2. Nf3 Nc6 3. d4 cxd4 4. Nxd4 e5 5. Nb5 d6 6. N1c3 a6 7. Na3 b5 8. Nd5
Nge7 9. c4 Nd4 10. Nc2 Nxd5 11. cxd5 Bg4 12. f3 Qh4+ 13. Kd2 Qf2+ 14. Be2 Nxc2
15. Kxc2 Bd7 16. Qf1 Qd4 17. Qg1 Rc8+ 18. Kb1 Qxd5 19. Qd1 Qc5 20. b3 d5 21.
Bb2 dxe4 22. fxe4 Be6 23. Bf3 Be7 24. a3 O-O 25. Ka2 f6 26. Rc1 Qb6 27. Qe2 Bd7
28. Bg4 Be6 29. Rxc8 Rxc8 30. Bxe6+ Qxe6 31. Rc1 Rxc1 32. Bxc1 Bc5 33. Bb2 Bd4
34. Qd2 Bxb2 35. Kxb2 Qc6 36. Qd3 Kf7 37. h4 Ke7 38. Qg3 g6 39. Qf3 f5 40. Qe3
Qxe4 41. Qa7+ Kf8 42. Qxh7 Qxg2+ 43. Kc3 Qc6+ 44. Kb2 Qf6 45. Qh6+ Kf7 46. h5
e4+ 47. Kc2 gxh5 48. Qxh5+ Qg6 49. Qh2 e3 50. Qc7+ Kg8 51. Qd8+ Kh7 52. Qe7+
Kh6 53. Qh4+ Qh5 54. Qf6+ Kh7 55. Qe7+ Kg6 56. Qxe3 Qh2+ 57. Kc3 Qc7+ 58. Kb2
Qd6 59. Qg1+ Kf6 60. Qf2 f4 61. Qh4+ Ke6 62. Qg4+ Kf7 63. Qh5+ Qg6 64. Qd5+ Kf6
65. Qd6+ Kg5 66. Qd5+ Qf5 67. Qg2+ Kh5 68. Qh2+ Kg6 69. Qg2+ Kh5 70. Qh2+ Kg5
71. Qg2+ Qg4 72. Qd5+ Kh4 73. Qh1+ Qh3 74. Qe1+ Qg3 75. Qe7+ Kh3 76. Qe6+ Kg2
77. Qxa6 f3 78. Qc6 Qf2+ 79. Kc3 Qe1+ 80. Kb2 Qe2+ 81. Kc3 Kg1 82. Qg6+ Kf1 83.
a4 f2 84. axb5 Qe3+ 85. Kc4 Ke1 86. Qb1+ Ke2 0-1

[Event "22nd Honor to National Resistance"]
[Site "Nikaia"]
[Date "2014.08.28"]
[Round "3.16"]
[White "Kalogridakis, Theodoros"]
[Black "Tsiros, Fragkiskos Vlasios"]
[Result "1/2-1/2"]
[WhiteElo "1843"]
[BlackElo "2108"]
[Annotator "MW"]
[PlyCount "84"]
[EventDate "2014.08.26"]

1. e4 c5 2. Nf3 d6 3. Bb5+ Nd7 4. O-O Ngf6 5. Re1 e6 6. c3 a6 7. Bf1 b5 8. d4
cxd4 9. cxd4 Bb7 10. Nbd2 Be7 11. a4 b4 12. a5 O-O 13. Bd3 Qc7 14. Nb3 h6 15.
Bf4 Bc6 16. Qe2 Qb7 17. Rac1 Nh5 18. Bg3 Ndf6 19. Nfd2 Nxg3 20. hxg3 Ba4 21.
Ra1 Bd7 22. e5 dxe5 23. dxe5 Nd5 24. Nc4 Qa7 25. Qe4 g6 26. Qg4 Kg7 27. Be4
Rac8 28. Rac1 Bg5 29. Rc2 Ba4 30. Nd6 Rxc2 31. Bxc2 Qc7 32. Bd1 Be7 33. Qd4 Kh7
34. Nc5 Bxd1 35. Rxd1 Bxd6 36. exd6 Qxd6 37. Ne4 Qd8 38. Qe5 Qb8 39. Rxd5 exd5
40. Nf6+ Kh8 41. Qd4 Qd8 42. Nd7+ Kg8 1/2-1/2

[Event "22nd Honor to National Resistance"]
[Site "Nikaia"]
[Date "2014.08.28"]
[Round "3.17"]
[White "Skaperdas, Kostantinos"]
[Black "Nikolaou, Spiridon"]
[Result "1-0"]
[WhiteElo "2102"]
[BlackElo "1821"]
[PlyCount "121"]
[EventDate "2014.08.26"]

1. e4 c5 2. Nf3 e6 3. g3 Nc6 4. Bg2 a6 5. O-O Qc7 6. d4 cxd4 7. Nxd4 Nf6 8. c4
h5 9. Nc3 h4 10. Nxc6 dxc6 11. e5 Qxe5 12. Bf4 Qa5 13. Re1 hxg3 14. Bxg3 Be7
15. Re5 Qd8 16. Qe2 Kf8 17. Rd1 Qe8 18. Na4 b5 19. Nb6 Ra7 20. cxb5 cxb5 21.
Qc2 Bd7 22. Re2 Qd8 23. Nxd7+ Rxd7 24. Red2 Nd5 25. Qc6 Bd6 26. Qxa6 Bxg3 27.
hxg3 b4 28. Qb5 Rh5 29. Bxd5 Rhxd5 30. Rxd5 Rxd5 31. Rxd5 exd5 32. Qxb4+ Kg8
33. Qd4 Qa5 34. a3 g6 35. Kg2 Kh7 36. Kf3 Qe1 37. Kg2 Qa5 38. Kf1 Qb5+ 39. Ke1
Qa5+ 40. Kd1 Kg8 41. Kc2 Kh7 42. Kb3 g5 43. g4 Qb5+ 44. Ka2 Kg6 45. a4 Qc6 46.
Ka3 f5 47. gxf5+ Kxf5 48. a5 g4 49. Qd3+ Kg5 50. b4 Kh4 51. a6 Qf6 52. Qg3+ Kh5
53. b5 d4 54. Ka4 d3 55. Qxd3 Qxf2 56. Qh7+ Kg5 57. Qe7+ Kh5 58. a7 Qa2+ 59.
Kb4 Qb2+ 60. Ka5 Qa3+ 61. Qxa3 1-0

[Event "22nd Honor to National Resistance"]
[Site "Nikaia"]
[Date "2014.08.28"]
[Round "3.18"]
[White "Alexakis, Dimitris"]
[Black "Delithanasis, Dimitrios"]
[Result "0-1"]
[WhiteElo "1679"]
[BlackElo "2095"]
[PlyCount "46"]
[EventDate "2014.08.26"]

1. e4 e5 2. Nf3 Nc6 3. d4 exd4 4. Nxd4 Bb4+ 5. c3 Be7 6. Bc4 Bf6 7. O-O Nge7 8.
f4 Nxd4 9. cxd4 d5 10. e5 dxc4 11. exf6 gxf6 12. Qa4+ c6 13. Qxc4 Be6 14. Qb4
Qd7 15. Nd2 O-O-O 16. Nf3 Nf5 17. Rd1 Bd5 18. Ne1 Rhg8 19. a4 Bxg2 20. Kf2 Bd5
21. Ra3 Nd6 22. h3 Rde8 23. Rdd3 Qe7 0-1

[Event "22nd Honor to National Resistance"]
[Site "Nikaia"]
[Date "2014.08.28"]
[Round "3.19"]
[White "Theotokatos, Dionisis"]
[Black "Katopodis, Dimitrios"]
[Result "0-1"]
[WhiteElo "2086"]
[BlackElo "1780"]
[PlyCount "52"]
[EventDate "2014.08.26"]

1. e4 e5 2. Nf3 Nc6 3. Bb5 Nf6 4. O-O Nxe4 5. Re1 Nd6 6. Nxe5 Be7 7. Bf1 Nxe5
8. Rxe5 O-O 9. d4 Bf6 10. Re1 Nf5 11. c3 d5 12. Bd3 c6 13. Bf4 g6 14. Nd2 Ng7
15. Nf3 Bf5 16. Bxf5 Nxf5 17. Qb3 Qb6 18. g4 Nh4 19. Nxh4 Bxh4 20. Qxb6 axb6
21. Bh6 Rfe8 22. Kg2 g5 23. Kf1 Re4 24. Re3 Rxe3 25. fxe3 Re8 26. Ke2 Re6 0-1